Statistics for Tallest Buildings in Washington, DC

Click here to take the quiz!

General Stats

  • This quiz has been taken 15 times
  • The average score is 1 of 8

Answer Stats

HeightBuilding/Tower% Correct
555 ftWashington Monument
100%
289 ftUnited States Capitol
17%
329 ftBasilica of the National Shrine of the Immaculate Conception
8%
315 ftTrump International Hotel
8%
301 ftWashington National Cathedral
8%
210 ft1 Franklin Square
0%
200 ft700 11th Street
0%
200 ftHealy Hall
0%

Score Distribution

Percentile by Number Answered

Percent of People with Each Score

Your Score History

You have not taken this quiz